000 01152cam a2200277 i 4500
003 SA-RiAUC
005 20241109094035.0
008 241109s2004 pk g 000 0 ara c
040 _aSA-MaUQU
_bara
_cSA-RiAUC
_erda
082 0 4 _a258.1
090 _a258.1
_bب د ر
100 1 _aبدر الدين العيني، محمود بن أحمد بن موسى،
_d762-855 هجري
_eمؤلف.
245 1 0 _aشرح العيني على كنز الدقائق، المسمى، رمز الحقائق /
_cتأليف بدر الدين أبي محمد محمود بن أحمد العيني
246 3 3 _aرمز الحقائق
250 _aالطبعة الأولى.
264 1 _aإسلام آباد :
_bإدارة القرآن والعلوم الإسلامية،
_c2004
300 _a2 مجلد ؛
_c24 سم
336 _aنص
_btxt
_2rdacontent
_3كتاب
337 _aبدون وسيط
_bn
_2rdamedia
338 _aمجلد
_bnc
_2rdacarrier
650 7 _aالفقه الحنفي
_2aucsh
650 7 _aالفقه الإسلامي
_xمذاهب
_2aucsh
740 0 2 _aكنز الدقائق.
942 _2ddc
_cBOOK
949 _aSA-JeALM
_d241109
_ukhaled123
_n1
999 _c2196
_d2196